000 01816cam a22003974i 4500
003 PE-LiUPU
005 20250731173212.0
008 150625s1961 xxu r 000 0 eng d
035 _a(Sirsi) a32497
040 _aPE-LiUPU
_bspa
_cPE-LiUPU
_erda
082 0 4 _a220.9
_bW92
_221
100 1 _aWilliam Foxwell, Albright,
_eautor.
245 1 4 _aThe Bible And The Ancient Near East.
264 1 _aIndiana :
_bEinsenbrauns,
_c1961.
300 _a409 páginas ;
_c23 cm.
336 _atext
_2rdacontent
337 _aunmediated
_2rdamedia
338 _avolume
_2rdacarrier
505 0 _aModern Study of Old testament literature -- Biblical history in transtion -- The hebrew language in Its Northwest Semitic Background -- The archaeology of Palestine -- The textual criticism of the old testament -- The development of the old testament -- The development of the Jewish Scripts -- The Chronology of Israel and the ancient near east -- South Arabian History and Archaeology -- Sumerian literature, A General Survey -- Formative tendencies in sumerian Religion -- Egypt: Its language and literature -- Egyptian Culture and religion -- Hittite and anatolian Studies.
526 _aSEG42
526 _aSEG41
526 _aSEG40
526 _aSEG39
526 _aP94
526 _aP87
526 _aP86
526 _aP85
526 _aP77
526 _aP76
526 _aP35
942 _2ddc
_cBOOK
949 _a220.9 W92
_wDEWEY
_c1
_i37062
_lCCODEBUL1
_mBUL
_p30.00
_r0
_sY
_tBOOK
_u2015-06-25
_xBIBLIOTECA
_zUNKNOWN
_0COMPRA
_o.STAFF. Colección Teología
596 _a1
999 _a220.9 W92
_wDEWEY
_c40155
_i37062
_f2021-11-9
_g5
_lCCODEBUL1
_mBUL
_p30.00
_r0
_sY
_tBOOK
_u2015-6-25
_xTEOLOGIA
_PP35
_0COMPRA
_o.STAFF. Colección Teología
_d40155
980 _81
_gALBERTO SANCHEZ Responsable de Automatización